Donde vem o vidro (Registo nº 4376)

Detalhes MARC
000 -Etiqueta do registo
Cabeçalho 00568nam a2200217 4500
005 - Identificador da versão
Campo de controlo 20240813122059.0
010 ## - Número internacional normalizado dos livros (ISBN)
Número (ISBN) 9722604864
100 ## - Dados gerais de processamento
Dados gerais de processamento 19970801d1985 a y0pory5003 ba
102 ## - Pais de publicação ou produção
País de publicação Portugal
101 1# - Língua de publicação
Língua do texto, banda sonora, etc. Português
Língua do documento no original Inglês
215 ## - Descrição física 
Indicação específica da natureza do documento e extensão da espécie 33p
Outras indicações físicas il
Dimensões 18cm
200 1# - Titulo e menção de responsabilidade
Título próprio Donde vem o vidro
Primeira menção de responsabilidade escrito por Odile Limousin
Outras menções de responsabilidade tradução de Maria Helena Coelho
225 1# - Colecção 
Título próprio da colecção Descobrir
Indicação de volume 10
210 ## - Publicação, Distribuição, etc. 
Lugar da edição, distribuição, etc. Porto
Nome do editor, distribuidor, etc. Civilização
Data da publicação, distribuição, etc. 1985
675 ## - Classificação Decimal Universal (CDU)
Notação 748
Edição 2
Língua da edição por
700 #1 - Nome de autor-pessoa física (responsabilidade principal)
Número de registo de entrada de autoridade 0001173
Palavra de ordem Limousin
Outra parte do nome não tomada para palavra de ordem Odile
942 ## - Elementos de entrada adicionados (Koha)
Tipo de item no Koha Livro
Exemplares
Situação do levantamento Origin of item (home branch) (coded) Biblioteca de empréstimo Código de barras Cota Circulation type (not for loan) Tipo de documento Nota do exemplar Damaged status
  Biblioteca Escolar das Vendas Biblioteca Escolar das Vendas BEV1378 6 LIM   Livro Sem mensagem